[Event "Wch U16 Girls"]
[Site "Montevideo"]
[Date "2017.09.22"]
[Round "7"]
[White "Li, Marissa"]
[Black "Dongo, Melanie Dayanna"]
[Result "1-0"]
[WhiteElo "1810"]
[BlackElo "1782"]
[PlyCount "61"]
[EventDate "2017.09.17"]
[EventType "swiss"]
[EventRounds "11"]
[EventCountry "URU"]
[SourceTitle "CBM 180 Extra"]
[Source "ChessBase"]
[SourceDate "2017.10.06"]
[SourceVersion "1"]
[SourceVersionDate "2017.10.06"]
[SourceQuality "1"]

1. d4 Nf6 2. c4 g6 3. Nc3 Bg7 4. e4 d6 5. Nf3 0-0 6. Be2 e5 7. Be3 Nc6 8. d5 Ne7 9. Nd2 Nd7 10. b4 f5 11. f3 f4 12. Bf2 g5 13. c5 Ng6 14. Nc4 Nf6 15. cxd6 cxd6 16. Nb5 Ne8 17. Nxa7 Rf7 18. a4 h5 19. a5 Bf8 20. b5 Nf6 21. Nxc8 Rxc8 22. a6 bxa6 23. bxa6 Nd7 24. a7 Nc5 25. Bxc5 dxc5 26. d6 Ra8 27. Qd5 Kg7 28. Qxc5 Rb7 29. 0-0 Qf6 30. Rfb1 Rxb1+ 31. Rxb1 1-0

[Event "Pan American-ch U16 Girls"]
[Site "San Jose"]
[Date "2017.07.02"]
[Round "2"]
[White "Dongo, Melanie Dayanna"]
[Black "Gomez Barrera, Javiera Belen"]
[Result "0-1"]
[WhiteElo "1803"]
[BlackElo "2069"]
[PlyCount "78"]
[EventDate "2017.07.01"]
[EventType "swiss"]
[EventRounds "9"]
[EventCountry "CRI"]
[SourceTitle "EXT 2022"]
[Source "ChessBase"]
[SourceDate "2021.10.06"]
[SourceVersion "1"]
[SourceVersionDate "2021.10.06"]
[SourceQuality "1"]

1. e4 c5 2. Nf3 d6 3. d4 cxd4 4. Nxd4 Nf6 5. Nc3 Nc6 6. f3 e5 7. Nb3 Be6 8. Be3 Be7 9. Qd2 a5 10. Bb5 0-0 11. Rd1 Nb4 12. a3 Na6 13. Qf2 Qc8 14. Nxa5 Nc7 15. Nb3 Nxb5 16. Nxb5 Qc6 17. Nc3 Bc4 18. Nc1 Bd8 19. Qd2 Ba5 20. b4 Bc7 21. a4 b6 22. Bg5 Rfd8 23. Nb3 Kf8 24. b5 Qb7 25. Kf2 Rd7 26. Bxf6 gxf6 27. Qh6+ Ke7 28. Rd2 Rdd8 29. Rhd1 Rg8 30. g3 Rg6 31. Qxh7 Rag8 32. Qh3 Qa8 33. g4 Rh8 34. Qg3 Rgh6 35. Ke3 Rh3 36. Qg1 Qg8 37. Rg2 Qg5+ 38. Kf2 Rxf3+ 39. Ke1 Rxc3 0-1

[Event "South America-ch U14 Girls 13th"]
[Site "Santiago de Chile"]
[Date "2016.12.03"]
[Round "4"]
[White "Dongo, Melanie Dayanna"]
[Black "Hilario Huaranca, Aleyla Karen"]
[Result "1/2-1/2"]
[WhiteElo "1923"]
[BlackElo "1799"]
[PlyCount "48"]
[EventDate "2016.12.01"]
[EventType "swiss"]
[EventRounds "9"]
[EventCountry "CHI"]
[SourceTitle "EXT 2018"]
[Source "ChessBase"]
[SourceDate "2017.10.13"]
[SourceVersion "1"]
[SourceVersionDate "2017.10.13"]
[SourceQuality "1"]

1. e4 e6 2. d4 d5 3. Nd2 a6 4. Ngf3 Nf6 5. e5 Nfd7 6. c4 dxc4 7. Nxc4 b5 8. Ne3 Nb6 9. Be2 c5 10. 0-0 Bb7 11. Nc2 N8d7 12. Be3 Nd5 13. Nd2 Qc7 14. Rc1 cxd4 15. Bxd4 Nxe5 16. Ne3 Qb8 17. Nf3 Bd6 18. h3 0-0 19. Nxe5 Bxe5 20. Bf3 Nxe3 21. fxe3 Rd8 22. Bxb7 Qxb7 23. Qg4 Bxd4 24. exd4 Qd5 1/2-1/2

[Event "South America-ch U14 Girls 13th"]
[Site "Santiago de Chile"]
[Date "2016.12.02"]
[Round "3"]
[White "Loyola Torres, Maria Gracia"]
[Black "Dongo, Melanie Dayanna"]
[Result "1/2-1/2"]
[WhiteElo "1588"]
[BlackElo "1923"]
[PlyCount "87"]
[EventDate "2016.12.01"]
[EventType "swiss"]
[EventRounds "9"]
[EventCountry "CHI"]
[SourceTitle "EXT 2018"]
[Source "ChessBase"]
[SourceDate "2017.10.13"]
[SourceVersion "1"]
[SourceVersionDate "2017.10.13"]
[SourceQuality "1"]

1. e4 c5 2. c3 e5 3. Nf3 d6 4. d4 Qc7 5. Bb5+ Nd7 6. 0-0 a6 7. Bd3 c4 8. Bc2 Ngf6 9. Re1 Be7 10. b3 b5 11. bxc4 bxc4 12. Bg5 h6 13. Bh4 0-0 14. Nbd2 Bb7 15. Rb1 Rab8 16. Qe2 Rfc8 17. h3 Nf8 18. Bg3 Ng6 19. Rb4 Nh5 20. Bh2 Nhf4 21. Bxf4 Nxf4 22. Qxc4 Qxc4 23. Rxc4 Bf6 24. Rb1 Ba8 25. Rxb8 Rxb8 26. dxe5 dxe5 27. Bb3 Ne6 28. Ra4 Nc5 29. Ra5 Rb5 30. Rxb5 axb5 31. Bd5 Bxd5 32. exd5 Kf8 33. c4 b4 34. Nb3 Ne4 35. Kf1 Ke7 36. Na5 Kd6 37. Nb7+ Kc7 38. Na5 Nc3 39. Nb3 Nxa2 40. c5 Nc3 41. d6+ Kc6 42. Ne1 Nd5 43. Ke2 Bd8 44. Kd3 1/2-1/2

[Event "South America-ch U14 Girls 13th"]
[Site "Santiago de Chile"]
[Date "2016.12.01"]
[Round "1"]
[White "Malan, Lucia"]
[Black "Dongo, Melanie Dayanna"]
[Result "0-1"]
[WhiteElo "1478"]
[BlackElo "1923"]
[PlyCount "102"]
[EventDate "2016.12.01"]
[EventType "swiss"]
[EventRounds "9"]
[EventCountry "CHI"]
[SourceTitle "EXT 2018"]
[Source "ChessBase"]
[SourceDate "2017.10.13"]
[SourceVersion "1"]
[SourceVersionDate "2017.10.13"]
[SourceQuality "1"]

1. e4 c5 2. Nf3 e6 3. d4 cxd4 4. Nxd4 Nc6 5. Nxc6 bxc6 6. Nc3 d5 7. Be3 Nf6 8. exd5 cxd5 9. Bb5+ Bd7 10. Qe2 Bb4 11. Bxd7+ Qxd7 12. Bd4 Be7 13. Qa6 0-0 14. 0-0 Rfc8 15. Rac1 Ne8 16. Nb5 Rc6 17. Qa4 Rc4 18. Qa6 Nc7 19. Nxc7 Qxc7 20. c3 Bd6 21. h3 e5 22. Be3 Bc5 23. b3 Bxe3 24. bxc4 Bxc1 25. Rxc1 dxc4 26. Rb1 h6 27. Rb4 Rd8 28. Qxc4 Qe7 29. Qb3 e4 30. Rb7 Rd7 31. Rxd7 Qxd7 32. Qb8+ Kh7 33. Qf4 f5 34. Qc1 Qc6 35. c4 Qc5 36. Qc3 Kg6 37. Qb3 f4 38. Qb5 Qxb5 39. cxb5 Kf5 40. a4 Ke5 41. a5 Kd5 42. Kf1 Kc5 43. b6 axb6 44. axb6 Kxb6 45. Ke2 Kc5 46. g3 g5 47. Kd2 Kd4 48. h4 fxg3 49. fxg3 e3+ 50. Ke2 Ke4 51. h5 g4 0-1

[Event "Wch U14 Girls"]
[Site "Khanty-Mansiysk"]
[Date "2016.10.01"]
[Round "9"]
[White "Dongo, Melanie Dayanna"]
[Black "Tharushi, THD Niklesha"]
[Result "1/2-1/2"]
[WhiteElo "1981"]
[BlackElo "1584"]
[PlyCount "66"]
[EventDate "2016.09.22"]
[EventType "swiss"]
[EventRounds "11"]
[EventCountry "RUS"]
[SourceTitle "EXT 2017"]
[Source "ChessBase"]
[SourceDate "2016.10.25"]
[SourceVersion "1"]
[SourceVersionDate "2016.10.25"]
[SourceQuality "1"]

1. e4 c5 2. Nf3 d6 3. d4 cxd4 4. Nxd4 Nf6 5. Nc3 g6 6. Be3 Bg7 7. f3 0-0 8. Bc4 Nc6 9. Qd2 Bd7 10. 0-0-0 Rc8 11. Bb3 Ne5 12. g4 b5 13. h4 Qa5 14. h5 Nc4 15. Bxc4 Rxc4 16. hxg6 fxg6 17. Kb1 b4 18. Nce2 Rfc8 19. Rc1 Bxg4 20. Nb3 Qa4 21. fxg4 R4c6 22. c3 Ra6 23. Kc2 e6 24. Qd3 bxc3 25. Nxc3 Nxe4 26. Kd1 Nxc3+ 27. bxc3 Qxa2 28. Nd4 e5 29. Nf3 Ra5 30. Bd2 Qa4+ 31. Qc2 Qxg4 32. Qb3+ Rc4 33. Rf1 Rac5 1/2-1/2

[Event "Pan American-ch U14 Girls 27th"]
[Site "Montevideo"]
[Date "2016.07.31"]
[Round "9"]
[White "Dongo, Melanie Dayanna"]
[Black "Gomez Barrera, Javiera Belen"]
[Result "1-0"]
[WhiteElo "2001"]
[BlackElo "2063"]
[PlyCount "73"]
[EventDate "2016.07.25"]
[EventType "swiss"]
[EventRounds "9"]
[EventCountry "URU"]
[SourceTitle "EXT 2017"]
[Source "ChessBase"]
[SourceDate "2016.10.25"]
[SourceVersion "1"]
[SourceVersionDate "2016.10.25"]
[SourceQuality "1"]

1. e4 e6 2. d4 d5 3. Nd2 Nf6 4. e5 Nfd7 5. Bd3 c5 6. c3 Nc6 7. Ne2 cxd4 8. cxd4 Nb6 9. 0-0 Bd7 10. a3 a5 11. b3 a4 12. b4 Rc8 13. Bb2 Na7 14. Nc3 Nc6 15. Qg4 h5 16. Qf4 g6 17. Nb5 Nxb4 18. axb4 Nc4 19. Bxc4 dxc4 20. Nd6+ Bxd6 21. exd6 c3 22. Bxc3 Rxc3 23. Ne4 Rc8 24. Nf6+ Kf8 25. Qe5 Rh6 26. Rfc1 Rxc1+ 27. Rxc1 a3 28. Qg5 Rh8 29. Qe5 Rh6 30. Ra1 g5 31. Nxd7+ Qxd7 32. Rxa3 f6 33. Qc5 Kf7 34. Ra8 Qc6 35. Qxc6 bxc6 36. d7 Kg6 37. d8Q 1-0

[Event "Pan American-ch U14 Girls 27th"]
[Site "Montevideo"]
[Date "2016.07.26"]
[Round "2"]
[White "Sato, Leticia Miho"]
[Black "Dongo, Melanie Dayanna"]
[Result "0-1"]
[WhiteElo "1506"]
[BlackElo "2001"]
[PlyCount "140"]
[EventDate "2016.07.25"]
[EventType "swiss"]
[EventRounds "9"]
[EventCountry "URU"]
[SourceTitle "EXT 2017"]
[Source "ChessBase"]
[SourceDate "2016.10.25"]
[SourceVersion "1"]
[SourceVersionDate "2016.10.25"]
[SourceQuality "1"]

1. d4 Nf6 2. Nf3 g6 3. Bf4 Bg7 4. e3 d6 5. h3 0-0 6. Bc4 Nbd7 7. Nbd2 b6 8. 0-0 Bb7 9. Re1 Ne4 10. Bh2 Ndf6 11. c3 Qd7 12. Qe2 c5 13. Rad1 a6 14. Bd3 Nxd2 15. Nxd2 b5 16. b3 Nd5 17. Rc1 b4 18. cxb4 cxd4 19. exd4 Bxd4 20. Bc4 e5 21. Bxd5 Bxd5 22. Nf3 Bxf3 23. Qxf3 Rfc8 24. Qd3 Qb7 25. Qd2 Rcb8 26. Rc4 Rc8 27. Bg3 Rab8 28. Rb1 Kg7 29. Kf1 Qb5 30. a4 Qb7 31. f3 d5 32. Rxd4 exd4 33. Bxb8 Rxb8 34. Qxd4+ Kg8 35. Kg1 Qxb4 36. Qxb4 Rxb4 37. Rd1 d4 38. Kf2 Kf8 39. Kg3 Ke7 40. Rd3 Kd6 41. Kf4 Kd5 42. Kg3 Ke5 43. Kf2 f5 44. Ke2 g5 45. Kd2 Kf4 46. Kc2 h5 47. Kb2 a5 48. Kc2 h4 49. Kb2 Kg3 50. Rd2 Kf4 51. Rd3 Ke5 52. Kc2 Rb6 53. Kb2 Rc6 54. Rd2 Rc3 55. Rd1 Re3 56. Rd2 Re1 57. Kc2 Rg1 58. Kd3 Rc1 59. Re2+ Kd5 60. Rb2 Rc3+ 61. Kd2 Kc5 62. Kd1 Kb4 63. Rd2 d3 64. Ke1 Kxb3 65. Rd1 Kc4 66. Rb1 Rb3 67. Rd1 Kd4 68. Kf2 Rb2+ 69. Ke1 Rxg2 70. Rb1 Rg1+ 0-1

[Event "PER-ch (Women)"]
[Site "Lima"]
[Date "2016.03.24"]
[Round "3"]
[White "Dongo, Melanie Dayanna"]
[Black "Cosme Contreras, Trilce"]
[Result "1-0"]
[WhiteElo "1741"]
[BlackElo "1757"]
[PlyCount "157"]
[EventDate "2016.03.23"]
[EventType "tourn"]
[EventRounds "9"]
[EventCountry "PER"]
[SourceTitle "CBM 171 Extra"]
[Source "ChessBase"]
[SourceDate "2016.04.26"]
[SourceVersion "1"]
[SourceVersionDate "2016.04.26"]
[SourceQuality "1"]

1. e4 c5 2. Nf3 d6 3. d4 cxd4 4. Nxd4 Nf6 5. Nc3 a6 6. Be3 e6 7. f3 Qb6 8. Qc1 Qc7 9. Qd2 Be7 10. 0-0-0 Nc6 11. g4 h6 12. h4 b5 13. Be2 Nd7 14. g5 h5 15. g6 Nde5 16. gxf7+ Nxf7 17. f4 b4 18. Na4 Rb8 19. b3 Bf6 20. Bc4 Ke7 21. e5 dxe5 22. Nxe6 Bxe6 23. Bc5+ Ke8 24. Bxe6 Nd4 25. Bxf7+ Qxf7 26. fxe5 Bxe5 27. Bxd4 Bf4 28. Rhe1+ Kf8 29. Be3 Bxe3 30. Qxe3 Rh6 31. Qc5+ Kg8 32. Qd5 Qxd5 33. Rxd5 Rf8 34. Rd4 a5 35. Nb2 Rf5 36. Nc4 Rhf6 37. Rd8+ Kh7 38. Ra8 Rf4 39. Rxa5 Rxh4 40. Rb5 Kh6 41. Rxb4 g5 42. a4 Rhf4 43. a5 g4 44. Rb6 h4 45. a6 Rxb6 46. Nxb6 Rf8 47. a7 g3 48. Nd7 Ra8 49. Ne5 g2 50. Nf3 h3 51. Re4 Kg6 52. Rh4 Kf5 53. Ng1 Rxa7 54. Nxh3 Ra1+ 55. Kd2 Rh1 56. Rf4+ Ke5 57. Rg4 Rxh3 58. Rxg2 Kd5 59. Rg4 Kc5 60. Kc1 Kb5 61. Kb2 Rh5 62. Rg2 Rf5 63. c3 Rh5 64. Ka3 Rf5 65. Rg4 Rh5 66. c4+ Ka5 67. Rd4 Rh6 68. Rd5+ Ka6 69. Ka4 Rf6 70. c5 Rf4+ 71. b4 Rf7 72. Rd6+ Kb7 73. Ka5 Ka7 74. c6 Rf5+ 75. b5 Rh5 76. Rd7+ Kb8 77. Kb6 Rh8 78. c7+ Kc8 79. Rd8+ 1-0

[Event "American Continental (Women) 09th"]
[Site "Lima"]
[Date "2016.02.23"]
[Round "5"]
[White "Castrillon Gomez, Melissa"]
[Black "Dongo, Melanie Dayanna"]
[Result "1/2-1/2"]
[WhiteElo "2215"]
[BlackElo "1741"]
[PlyCount "169"]
[EventDate "2016.02.20"]
[EventType "swiss"]
[EventRounds "9"]
[EventCountry "PER"]
[SourceTitle "CBM 171 Extra"]
[Source "ChessBase"]
[SourceDate "2016.04.26"]
[SourceVersion "1"]
[SourceVersionDate "2016.04.26"]
[SourceQuality "1"]

1. e4 c5 2. Nf3 e6 3. d4 cxd4 4. Nxd4 Nc6 5. Nxc6 bxc6 6. Bd3 Nf6 7. Nc3 d5 8. Qe2 Be7 9. 0-0 0-0 10. Kh1 c5 11. b3 a5 12. e5 Nd7 13. f4 Nb6 14. Rf3 f5 15. exf6 Bxf6 16. Bb2 Qe8 17. Rh3 g6 18. Rg3 Bg7 19. Rf1 c4 20. bxc4 Nxc4 21. Ba1 Nd6 22. Rg5 Nf7 23. Bxg6 hxg6 24. Rxg6 Nh6 25. Nxd5 Ra7 26. Qh5 exd5 27. Qxh6 Rff7 28. Qh5 Qe4 29. Be5 Rae7 30. Rg1 Bf5 31. Rg5 Bh7 32. c3 a4 33. Bd4 Rxf4 34. Rxd5 Bg6 35. Rd8+ Kf7 36. Qc5 Qe6 37. Qg5 Rf5 38. Qh4 Bxd4 39. Rxd4 a3 40. Rd2 Qf6 41. Qb4 Rh5 42. Qc4+ Kg7 43. Rd4 Qe5 44. Rh4 Rxh4 45. Qxh4 Rf7 46. Qb4 Be4 47. Qxa3 Rf5 48. Qa7+ Kg6 49. Qd4 Qxd4 50. cxd4 Rf2 51. h3 Kg5 52. Kh2 Rxa2 53. Kg3 Ra3+ 54. Kf2 Rd3 55. Ra1 Rxd4 56. g3 Rd3 57. Ra5+ Kh6 58. Ra4 Bd5 59. Rh4+ Kg6 60. Rg4+ Kh6 61. h4 Bf7 62. Rg5 Ra3 63. Re5 Ra2+ 64. Ke3 Ra3+ 65. Kf4 Ra4+ 66. Kf3 Ra3+ 67. Kg4 Ra4+ 68. Kh3 Ra3 69. Re4 Bd5 70. Re5 Bf7 71. Re7 Bg6 72. Re6 Kh5 73. Re5+ Kh6 74. Rc5 Bf7 75. Kg4 Ra4+ 76. Kf5 Bg6+ 77. Ke5 Rg4 78. Rc3 Re4+ 79. Kf6 Ra4 80. Re3 Ra6+ 81. Ke5 Ra5+ 82. Kf4 Ra4+ 83. Kf3 Bh5+ 84. Kg2 Bg4 85. Re2 1/2-1/2

[Event "PER-ch U14 Girls"]
[Site "Lima"]
[Date "2016.02.05"]
[Round "6.1"]
[White "Dongo, Melanie Dayanna"]
[Black "Puppi Lazo, Stephanie Beatriz"]
[Result "1-0"]
[WhiteElo "1741"]
[BlackElo "1553"]
[PlyCount "63"]
[EventDate "2016.02.02"]
[EventType "swiss"]
[EventRounds "9"]
[EventCountry "PER"]
[SourceTitle "EXT 2024"]
[Source "ChessBase"]
[SourceDate "2023.10.10"]
[SourceVersion "1"]
[SourceVersionDate "2023.10.10"]
[SourceQuality "1"]

1. e4 e5 2. Nf3 Nf6 3. Nxe5 d6 4. Nf3 Nxe4 5. d4 d5 6. Bd3 Nc6 7. 0-0 Be7 8. Nc3 Nxc3 9. bxc3 0-0 10. h3 Be6 11. a4 h6 12. Bf4 Bd6 13. Qd2 Bxf4 14. Qxf4 Rc8 15. Rab1 Na5 16. Rfe1 Qd6 17. Ne5 Qa3 18. Re3 Qxa4 19. Rg3 Kh8 20. Qh4 Qe8 21. f4 Qd8 22. Qh5 Nc4 23. f5 Nxe5 24. dxe5 Bxf5 25. Bxf5 Rb8 26. Rb4 Qe7 27. Rh4 Qc5+ 28. Kh1 Qb6 29. e6 Qb1+ 30. Kh2 Qc1 31. e7 Rg8 32. Qxf7 1-0

[Event "PER-ch U14 Girls"]
[Site "Lima"]
[Date "2016.02.03"]
[Round "2.2"]
[White "Dongo, Melanie Dayanna"]
[Black "Bustamante Malpartida, Nayeli Aleydis Rubi"]
[Result "1-0"]
[WhiteElo "1741"]
[BlackElo "1457"]
[PlyCount "53"]
[EventDate "2016.02.02"]
[EventType "swiss"]
[EventRounds "9"]
[EventCountry "PER"]
[SourceTitle "EXT 2024"]
[Source "ChessBase"]
[SourceDate "2023.10.10"]
[SourceVersion "1"]
[SourceVersionDate "2023.10.10"]
[SourceQuality "1"]

1. e4 d6 2. d4 Nf6 3. Nc3 g6 4. h3 Bg7 5. Nf3 c5 6. Be3 Qa5 7. Bb5+ Bd7 8. Bxd7+ Nfxd7 9. 0-0 0-0 10. Qd2 Nc6 11. Rad1 Rfd8 12. a3 e6 13. Qc1 b5 14. Ne2 b4 15. Bh6 Nf6 16. Bxg7 Kxg7 17. Ng3 Qb6 18. e5 dxe5 19. dxe5 Nd7 20. Qf4 Kg8 21. Ne4 Qc7 22. Nd6 Nb6 23. Ng5 Rd7 24. Nge4 Nd5 25. Qh6 Nxe5 26. Rxd5 exd5 27. Nf6+ 1-0

[Event "South America-ch U14 Girls 12th"]
[Site "Santa Cruz"]
[Date "2015.12.06"]
[Round "7"]
[White "Hilario Huaranca, Aleyla Karen"]
[Black "Dongo, Melanie Dayanna"]
[Result "1/2-1/2"]
[WhiteElo "1723"]
[BlackElo "1661"]
[PlyCount "63"]
[EventDate "2015.12.02"]
[EventType "swiss"]
[EventRounds "9"]
[EventCountry "BOL"]
[SourceTitle "CBM 170 Extra"]
[Source "ChessBase"]
[SourceDate "2016.02.25"]
[SourceVersion "1"]
[SourceVersionDate "2016.02.25"]
[SourceQuality "1"]

1. d4 Nf6 2. c4 g6 3. f3 Bg7 4. e4 0-0 5. Be3 d6 6. Qd2 e5 7. d5 c6 8. Ne2 cxd5 9. cxd5 b6 10. Nec3 Bb7 11. Be2 Na6 12. 0-0 Nc7 13. Na3 Nfe8 14. Ncb5 f5 15. Nxc7 Nxc7 16. Rac1 f4 17. Bf2 Rc8 18. Nb5 Nxb5 19. Bxb5 Rxc1 20. Rxc1 g5 21. Qc2 Rf7 22. Qa4 Bc8 23. Qc4 Bd7 24. Bxd7 Rxd7 25. Qa6 Qe7 26. Qc8+ Kf7 27. Be1 h5 28. Bb4 Bf8 29. Rc6 Kg8 30. Kf1 g4 31. Ke2 gxf3+ 32. gxf3 1/2-1/2

[Event "South America-ch U14 Girls 12th"]
[Site "Santa Cruz"]
[Date "2015.12.05"]
[Round "6"]
[White "Dongo, Melanie Dayanna"]
[Black "Soruco, Valerie"]
[Result "1-0"]
[WhiteElo "1661"]
[BlackElo "1523"]
[PlyCount "63"]
[EventDate "2015.12.02"]
[EventType "swiss"]
[EventRounds "9"]
[EventCountry "BOL"]
[SourceTitle "CBM 170 Extra"]
[Source "ChessBase"]
[SourceDate "2016.02.25"]
[SourceVersion "1"]
[SourceVersionDate "2016.02.25"]
[SourceQuality "1"]

1. e4 e5 2. Bc4 Nf6 3. Qe2 Bc5 4. Nf3 d6 5. h3 Nc6 6. 0-0 0-0 7. c3 Re8 8. b4 Ne7 9. bxc5 dxc5 10. Nxe5 Rf8 11. d3 Qd6 12. Bf4 Nc6 13. Ng6 Qd8 14. Nxf8 Kxf8 15. Bg5 h6 16. Bxf6 Qxf6 17. Qe3 Kg8 18. Nd2 Bd7 19. Qf3 Qg6 20. Qg3 Qf6 21. Rfe1 Re8 22. Re3 Qxc3 23. Nb3 b6 24. Bb5 Rc8 25. d4 Qb4 26. Bxc6 Bxc6 27. dxc5 bxc5 28. Qe5 c4 29. Nd4 Qb7 30. Rg3 f6 31. Qxf6 g5 32. Ne6 1-0

[Event "Pan American-ch U14 Girls"]
[Site "Cali"]
[Date "2015.07.01"]
[Round "5"]
[White "Dongo, Melanie Dayanna"]
[Black "Hilario Huaranca, Aleyla Karen"]
[Result "1-0"]
[WhiteElo "1582"]
[BlackElo "1759"]
[PlyCount "58"]
[EventDate "2015.06.28"]
[EventType "swiss"]
[EventRounds "9"]
[EventCountry "COL"]
[SourceTitle "EXT 2016"]
[Source "ChessBase"]
[SourceDate "2015.10.08"]
[SourceVersion "1"]
[SourceVersionDate "2015.10.08"]
[SourceQuality "1"]

1. e4 e6 2. d4 d5 3. Nd2 Nc6 4. Ngf3 Nf6 5. e5 Nd7 6. Nb3 f6 7. Bb5 fxe5 8. Bxc6 bxc6 9. dxe5 Be7 10. Nbd4 Nb8 11. 0-0 0-0 12. c3 c5 13. Nc2 Bd7 14. h3 Be8 15. Nh2 Bb5 16. Re1 Bh4 17. g3 Be7 18. Qg4 Qd7 19. Bg5 Bxg5 20. Qxg5 Na6 21. Ng4 Kh8 22. Nge3 Rad8 23. Rad1 Qf7 24. f4 Bc6 25. b3 Rfe8 26. Rf1 Qe7 27. Qxe7 Rxe7 28. f5 exf5 29. Nxf5 Rxe5 1-0

[Event "Pan American-ch U14 Girls"]
[Site "Cali"]
[Date "2015.07.01"]
[Round "6"]
[White "Dongo, Melanie Dayanna"]
[Black "Kao, Camille Y"]
[Result "1-0"]
[WhiteElo "1582"]
[BlackElo "1629"]
[PlyCount "46"]
[EventDate "2015.06.28"]
[EventType "swiss"]
[EventRounds "9"]
[EventCountry "COL"]
[SourceTitle "EXT 2016"]
[Source "ChessBase"]
[SourceDate "2015.10.08"]
[SourceVersion "1"]
[SourceVersionDate "2015.10.08"]
[SourceQuality "1"]

1. e4 e6 2. d4 d5 3. Nd2 dxe4 4. Nxe4 Nd7 5. Nf3 Ngf6 6. Bd3 c5 7. dxc5 Nxc5 8. Nxc5 Bxc5 9. 0-0 0-0 10. b3 b6 11. Bb2 Bb7 12. Qe2 Qe7 13. Ng5 h6 14. Bxf6 Qxf6 15. Nh7 Qh4 16. Nxf8 Rxf8 17. h3 h5 18. c3 a5 19. Rae1 f5 20. Qxe6+ Kh8 21. Qg6 Bd5 22. Be2 Kg8 23. Qxh5 Qd8 1-0

[Event "Pan American-ch U14 Girls"]
[Site "Cali"]
[Date "2015.06.30"]
[Round "4"]
[White "Roque Sola, Andrea"]
[Black "Dongo, Melanie Dayanna"]
[Result "1/2-1/2"]
[WhiteElo "1625"]
[BlackElo "1582"]
[PlyCount "75"]
[EventDate "2015.06.28"]
[EventType "swiss"]
[EventRounds "9"]
[EventCountry "COL"]
[SourceTitle "EXT 2016"]
[Source "ChessBase"]
[SourceDate "2015.10.08"]
[SourceVersion "1"]
[SourceVersionDate "2015.10.08"]
[SourceQuality "1"]

1. c4 Nf6 2. Nc3 g6 3. g3 Bg7 4. Bg2 0-0 5. e3 d6 6. Nge2 c6 7. 0-0 e5 8. d4 Qc7 9. Bd2 exd4 10. exd4 Bf5 11. Be3 Nbd7 12. b3 Rae8 13. h3 h5 14. Bf4 Nh7 15. Qd2 f6 16. d5 Ne5 17. Nd4 Bd7 18. Rad1 c5 19. Bxe5 Rxe5 20. Nf3 Re7 21. Rfe1 Rfe8 22. Ne2 Nf8 23. Kh2 Kh7 24. Nfg1 Bh6 25. Qc3 Kg7 26. Nc1 Bf5 27. Nd3 Kf7 28. Bf1 Nd7 29. Rxe7+ Rxe7 30. Re1 Qd8 31. Be2 Ne5 32. Nxe5+ Rxe5 33. Nf3 Re7 34. Nh4 Bd7 35. Bd3 f5 36. Ng2 Qe8 37. Rxe7+ Qxe7 38. Qe1 1/2-1/2

[Event "Pan American-ch U14 Girls"]
[Site "Cali"]
[Date "2015.06.29"]
[Round "2"]
[White "Dongo, Melanie Dayanna"]
[Black "Gomez Barrera, Javiera Belen"]
[Result "0-1"]
[WhiteElo "1582"]
[BlackElo "1775"]
[PlyCount "108"]
[EventDate "2015.06.28"]
[EventType "swiss"]
[EventRounds "9"]
[EventCountry "COL"]
[SourceTitle "EXT 2016"]
[Source "ChessBase"]
[SourceDate "2015.10.08"]
[SourceVersion "1"]
[SourceVersionDate "2015.10.08"]
[SourceQuality "1"]

1. e4 e5 2. Nf3 Nc6 3. Bb5 Nge7 4. 0-0 g6 5. d4 exd4 6. Nxd4 Bg7 7. c3 a6 8. Be2 0-0 9. f4 f5 10. e5 Kh8 11. Bf3 d6 12. Nxc6 Nxc6 13. exd6 cxd6 14. Be3 Re8 15. Bf2 Be6 16. Na3 Qc7 17. Bd5 Bxd5 18. Qxd5 Ne7 19. Qd3 d5 20. Bd4 Rad8 21. Rad1 Nc6 22. Nc2 Re4 23. Qf3 Nxd4 24. Nxd4 Qb6 25. Qf2 Rde8 26. Rd3 Bxd4 27. Rxd4 Rxd4 28. cxd4 Re4 29. Rd1 Qc7 30. g3 Qc4 31. b3 Qb5 32. Rd2 Qe8 33. Rc2 Re1+ 34. Kg2 Qe4+ 35. Kh3 Kg7 36. Rc7+ Kh6 37. Rc2 Re3 38. Rd2 Rf3 39. Qe2 Re3 40. Qf2 Rf3 41. Qe2 Qxf4 42. Kg2 Qe3 43. Qd1 f4 44. Rc2 Qe4 45. Qxf3 Qxc2+ 46. Kh3 Qf5+ 47. g4 Qe4 48. Qf2 g5 49. b4 Kg6 50. a4 h5 51. b5 hxg4+ 52. Kxg4 f3+ 53. Kh3 Kf5 54. Kg3 Qg4# 0-1

[Event "South America-ch U12 Girls 11th"]
[Site "Montevideo"]
[Date "2014.09.11"]
[Round "6"]
[White "Dongo, Melanie Dayanna"]
[Black "Hilario Huaranca, Aleyla Karen"]
[Result "1/2-1/2"]
[WhiteElo "1561"]
[BlackElo "1679"]
[PlyCount "65"]
[EventDate "2014.09.08"]
[EventType "tourn"]
[EventRounds "9"]
[EventCountry "URU"]
[SourceTitle "EXT 2016"]
[Source "ChessBase"]
[SourceDate "2015.10.08"]
[SourceVersion "1"]
[SourceVersionDate "2015.10.08"]
[SourceQuality "1"]

1. e4 e6 2. d4 d5 3. Nd2 Nf6 4. e5 Nfd7 5. Bd3 c5 6. c3 Nc6 7. Ne2 cxd4 8. cxd4 Be7 9. a3 f6 10. exf6 Nxf6 11. Nf3 0-0 12. 0-0 Bd7 13. Nc3 a6 14. h3 Rc8 15. Re1 Re8 16. Bf4 b5 17. Rc1 Qb6 18. b4 Kh8 19. Be3 Qb8 20. Qd2 Red8 21. Bf4 Qb6 22. Be3 Re8 23. Ne2 a5 24. Ne5 axb4 25. Nxc6 Rxc6 26. Rxc6 Qxc6 27. axb4 Qd6 28. Rb1 Ra8 29. Bf4 Qb6 30. Be5 Ra4 31. Ng3 Be8 32. Qg5 Qd8 33. h4 1/2-1/2

[Event "Pan American-ch U12 Girls"]
[Site "Oaxtepec"]
[Date "2014.07.15"]
[Round "8"]
[White "Obregon Garcia, Roxangel"]
[Black "Dongo, Melanie Dayanna"]
[Result "1-0"]
[WhiteElo "1876"]
[BlackElo "1619"]
[PlyCount "91"]
[EventDate "2014.07.11"]
[EventType "swiss"]
[EventRounds "9"]
[EventCountry "MEX"]
[SourceTitle "EXT 2022"]
[Source "ChessBase"]
[SourceDate "2021.10.06"]
[SourceVersion "1"]
[SourceVersionDate "2021.10.06"]
[SourceQuality "1"]

1. d4 Nf6 2. c4 g6 3. Nc3 Bg7 4. e4 d6 5. f3 Nc6 6. Be3 0-0 7. Qd2 a6 8. 0-0-0 Rb8 9. h4 Nh5 10. Nge2 b5 11. g4 Nf6 12. cxb5 axb5 13. Bh6 b4 14. Na4 Na5 15. Bxg7 Kxg7 16. h5 Ng8 17. hxg6 fxg6 18. Nf4 Qe8 19. Qh2 Rxf4 20. Qxf4 Qc6+ 21. Kb1 h6 22. b3 Qb7 23. g5 h5 24. Bh3 e6 25. Qd2 Bd7 26. Nb2 c6 27. Nd3 Ne7 28. Qf4 Ng8 29. Qxd6 Re8 30. Nc5 Qa7 31. Qxd7+ Qxd7 32. Nxd7 Re7 33. Ne5 Rc7 34. Bxe6 Re7 35. Bxg8 Kxg8 36. Rc1 Re6 37. Rc5 Nb7 38. Rxc6 Rxc6 39. Nxc6 Kf7 40. Nxb4 Ke6 41. f4 Nd6 42. d5+ Ke7 43. Nc6+ Kd7 44. Ne5+ Kc7 45. Nxg6 Nxe4 46. Rxh5 1-0